Electronics Portable Handbook (Record no. 3029)
[ view plain ]
| 005 - DATE AND TIME OF LATEST TRANSACTION | |
|---|---|
| control field | 20250621072809.0 |
| 020 ## - INTERNATIONAL STANDARD BOOK NUMBER | |
| International Standard Book Number | 0-07-134415-2 |
| 082 ## - DEWEY DECIMAL CLASSIFICATION NUMBER | |
| Classification number | LM 621.381 GIB |
| 100 ## - MAIN ENTRY--PERSONAL NAME | |
| Author name | GIBILISCO, S. |
| 245 ## - TITLE STATEMENT | |
| Title | Electronics Portable Handbook |
| 250 ## - EDITION STATEMENT | |
| Edition statement | 6th Ed. |
| 260 ## - PUBLICATION, DISTRIBUTION, ETC. | |
| Place of publication, distribution, etc. | New York, |
| Name of publisher, distributor, etc. | Mac Graw Hill, |
| Date of publication, distribution, etc. | 1999. |
| 300 ## - PHYSICAL DESCRIPTION | |
| Extent | xv,671p.: figure, table. |
| Other physical details | Bibliography & Index. |
| Dimensions | 21cm. |
| 856 ## - ELECTRONIC LOCATION AND ACCESS | |
| Link text | Access Online Book |
| Electronic name | Electronics Portable Handbook |
| Path | www.books.mcgraw-hilll.com |
| 942 ## - ADDED ENTRY ELEMENTS (KOHA) | |
| Source of classification or shelving scheme | Dewey Decimal Classification |
| Koha item type | Books |
| Date last seen | Total checkouts | Full call number | Barcode | Cost, replacement price | Price effective from | Koha item type | Lost status | Source of classification or shelving scheme | Damaged status | Not for loan | Withdrawn status | Home library | Current library | Shelving location | Date acquired | Cost, normal purchase price |
|---|---|---|---|---|---|---|---|---|---|---|---|---|---|---|---|---|
| 06/02/2025 | LM 621.381 GIB | 0000008270 | 180000.00 | 06/02/2025 | Books | Dewey Decimal Classification | College of Business Education Main Library | College of Business Education Main Library | General Collection | 01/19/2005 | 60000.00 | |||||
| 06/02/2025 | LM 621.381 GIB | 0000008271 | 180000.00 | 06/02/2025 | Books | Dewey Decimal Classification | College of Business Education Main Library | College of Business Education Main Library | General Collection | 01/19/2005 | 60000.00 | |||||
| 06/02/2025 | LM 621.381 GIB | 0000008272 | 180000.00 | 06/02/2025 | Books | Dewey Decimal Classification | College of Business Education Main Library | College of Business Education Main Library | General Collection | 01/19/2005 | 60000.00 | |||||
| 06/02/2025 | LM 621.381 GIB | 0000008273 | 180000.00 | 06/02/2025 | Books | Dewey Decimal Classification | College of Business Education Main Library | College of Business Education Main Library | General Collection | 01/19/2005 | 60000.00 | |||||
| 06/02/2025 | LM 621.381 GIB | 0000008274 | 180000.00 | 06/02/2025 | Books | Dewey Decimal Classification | College of Business Education Main Library | College of Business Education Main Library | General Collection | 01/19/2005 | 60000.00 | |||||
| 06/02/2025 | LM 621.381 GIB | 0000008275 | 180000.00 | 06/02/2025 | Books | Dewey Decimal Classification | College of Business Education Main Library | College of Business Education Main Library | General Collection | 01/19/2005 | 60000.00 |
